[Event "10. Forchheimer Sparkassen Open"]
[Site "Forchheim"]
[Date "2011.10.09"]
[Round "5.41"]
[White "Reich, Christian"]
[Black "Sivaji, Siva"]
[Result "1-0"]
[WhiteElo "1686"]
[BlackElo "1890"]
[PlyCount "109"]
[EventDate "2011.??.??"]
[WhiteTeam "SC Straubing"]
[BlackTeam "SK Luzern"]

1. e4 c5 2. Nf3 d6 3. c4 Nf6 4. Nc3 Bg4 5. Be2 Nc6 6. d3 e6 7.
O-O Be7 8. h3 Bxf3 9. Bxf3 Nd4 10. Be3 Nxf3+ 11. Qxf3 O-O 12. b3 Nd7 13. d4 Bf6
14. Qd1 a6 15. Rc1 Qc7 16. d5 e5 17. a4 Qa5 18. Bd2 Qd8 19. Qe2 Bg5 20. f4 exf4
21. Bxf4 Qe7 22. Bh2 Bxc1 23. Rxc1 Ne5 24. Rf1 Rae8 25. Qe3 Rb8 26. Bf4 f6 27.
g4 g5 28. Bg3 Ng6 29. Qf2 Ne5 30. Qe2 Qd7 31. Rf5 Ng6 32. Qh2 Ne5 33. Qe2 Kg7
34. h4 Nf7 35. hxg5 Nxg5 36. Qh2 Rbd8 37. e5 dxe5 38. Bxe5 Qxf5 39. gxf5 Nf3+
40. Kf2 Nxh2 41. Bxh2 Rfe8 42. d6 Rd7 43. Nd5 Red8 44. Nc7 Kf7 45. Ne6 Rc8 46.
Ke3 Rc6 47. Ke4 b6 48. Kd5 Rc8 49. a5 bxa5 50. Nxc5 Rxc5+ 51. Kxc5 Rb7 52. Kc6
Rxb3 53. d7 Ke7 54. Bd6+ Kd8 55. Bc7+ 1-0

[Event "10. Forchheimer Sparkassen Open"]
[Site "Forchheim"]
[Date "2011.10.09"]
[Round "5.42"]
[White "Boudkeev, Timour"]
[Black "Berger, Nadja"]
[Result "0-1"]
[WhiteElo "1874"]
[BlackElo "1683"]
[PlyCount "46"]
[EventDate "2011.??.??"]
[WhiteTeam "Schachgesellschaft Zürich"]
[BlackTeam "Aschaffenburg- Schweinheim e.V."]

1. d4 d5 2. c4 c6 3. e3 Nf6 4. Nc3 e6 5. Nf3 Nbd7 6. cxd5 exd5
7. Be2 Bd6 8. O-O O-O 9. Qc2 Re8 10. b3 Ne4 11. Nxe4 dxe4 12. Nd2 Nf6 13. Nc4
Bc7 14. f4 Nd5 15. Bd2 Qe7 16. Ne5 f6 17. Ng4 Bd6 18. Nf2 Bf5 19. Nd1 Rac8 20.
Nc3 Bb4 21. Bc4 Kh8 22. a3 Bxc3 23. Bxd5 Bxd2 0-1

[Event "10. Forchheimer Sparkassen Open"]
[Site "Forchheim"]
[Date "2011.10.09"]
[Round "5.43"]
[White "Osthof, Rudolf"]
[Black "Adler, Herbert"]
[Result "0-1"]
[WhiteElo "1651"]
[BlackElo "1872"]
[PlyCount "44"]
[EventDate "2011.??.??"]
[WhiteTeam "SC Forchheim e.V."]
[BlackTeam "SG Büchenbach/Roth e.V."]

1. Nf3 d5 2. d4 Nf6 3. e3 c6 4. Bd3 Nbd7 5. Nbd2 e6 6. O-O Bd6
7. e4 dxe4 8. Nxe4 Nxe4 9. Bxe4 Nf6 10. Bd3 O-O 11. Re1 b6 12. Ne5 Bb7 13. Bg5
h6 14. Bh4 g5 15. Bg3 Rc8 16. f4 Kg7 17. Qd2 Nh5 18. Re3 c5 19. fxg5 hxg5 20.
Bf2 f5 21. Rh3 Rh8 22. Be2 Bxe5 0-1

[Event "10. Forchheimer Sparkassen Open"]
[Site "Forchheim"]
[Date "2011.10.09"]
[Round "5.44"]
[White "Dürr, Florian"]
[Black "Schoebel, Klaus"]
[Result "1-0"]
[WhiteElo "1869"]
[BlackElo "1659"]
[PlyCount "47"]
[EventDate "2011.??.??"]
[WhiteTeam "SC Erlangen 48/88 e.V."]
[BlackTeam "SK 1911 Herzogenaurach e.V."]

1. e4 e5 2. Nf3 d6 3. d4 exd4 4. Nxd4 Nf6 5. Nc3 Be7 6. Be3
O-O 7. Be2 Bd7 8. Qd2 Nc6 9. f3 Ne5 10. O-O-O c6 11. g4 b5 12. h4 Nc4 13. Bxc4
bxc4 14. h5 Rb8 15. Rdg1 Qb6 16. Nd1 Qa6 17. Kb1 d5 18. g5 c5 19. gxf6 Bxf6 20.
Bh6 Bxd4 21. Bxg7 Bxg1 22. Qg2 Qc8 23. Bf6+ Bg4 24. Rh4 1-0

[Event "10. Forchheimer Sparkassen Open"]
[Site "Forchheim"]
[Date "2011.10.09"]
[Round "5.45"]
[White "Schädlich, Helmut"]
[Black "Müller, Constantin"]
[Result "0-1"]
[WhiteElo "1650"]
[BlackElo "1868"]
[PlyCount "44"]
[EventDate "2011.??.??"]
[WhiteTeam "SC Kirchseeon e.V."]
[BlackTeam "Schachklub München Südost e.V."]

1. c4 c6 2. g3 d5 3. Bg2 Nf6 4. e3 e5 5. Qc2 Na6 6. cxd5 cxd5
7. a3 g6 8. b4 Bf5 9. d3 Rc8 10. Qd2 Bxd3 11. Bb2 Be4 12. Bxe4 Nxe4 13. Qd3 Bg7
14. f3 Ng5 15. Qb5+ Qd7 16. Qxd7+ Kxd7 17. Nc3 d4 18. exd4 exd4 19. Nb5 Rc4 20.
h4 Ne6 21. Rc1 Rxc1+ 22. Bxc1 Kc6 0-1

[Event "10. Forchheimer Sparkassen Open"]
[Site "Forchheim"]
[Date "2011.10.09"]
[Round "5.46"]
[White "Thürauf, Peter"]
[Black "Schöne, Steffen"]
[Result "0-1"]
[WhiteElo "1863"]
[BlackElo "1651"]
[PlyCount "40"]
[EventDate "2011.??.??"]
[WhiteTeam "SW Nürnberg Süd e.V."]
[BlackTeam "Spvg Zabo-Eintracht Nürnberg e.V"]

1. d4 Nf6 2. Nf3 e6 3. Bg5 h6 4. Bh4 d5 5. c4 Bb4+ 6. Nc3 g5
7. Qa4+ Nc6 8. Bg3 Ne4 9. Rc1 Bd7 10. Qc2 Nxg3 11. hxg3 g4 12. Ne5 Nxd4 13. Qd3
Nc6 14. Nxc6 Bxc6 15. a3 Qg5 16. e3 Bxc3+ 17. Qxc3 O-O-O 18. b4 d4 19. exd4
Rxd4 20. b5 Qe5+ 0-1

[Event "10. Forchheimer Sparkassen Open"]
[Site "Forchheim"]
[Date "2011.10.09"]
[Round "5.47"]
[White "Tong, Kevin"]
[Black "Heunemann, Dieter"]
[Result "0-1"]
[WhiteElo "1646"]
[BlackElo "1861"]
[PlyCount "60"]
[EventDate "2011.??.??"]
[WhiteTeam "SC Erlangen 48/88 e.V."]
[BlackTeam "SV Jenapharm Jena"]

1. e4 c5 2. Nf3 Nc6 3. d4 cxd4 4. Nxd4 Nf6 5. Nc3 e5 6. Ndb5
d6 7. Nd5 Nxd5 8. exd5 Nb8 9. c4 Be7 10. Be3 O-O 11. Be2 f5 12. O-O a6 13. Nc3
Nd7 14. Qc2 Bg5 15. Bxg5 Qxg5 16. b4 b6 17. Rab1 Rf6 18. a4 Rh6 19. a5 Qh4 20.
h3 Qg5 21. Kh1 bxa5 22. bxa5 Nc5 23. Rb6 f4 24. Kh2 f3 25. Bxf3 Qf4+ 26. Kg1
Bxh3 27. gxh3 Qxf3 28. Rfb1 Qxh3 29. f3 Rg6+ 30. Kf2 Rg2+ 0-1

[Event "10. Forchheimer Sparkassen Open"]
[Site "Forchheim"]
[Date "2011.10.09"]
[Round "5.48"]
[White "Baumann, Mathias"]
[Black "Hofmann, Paul"]
[Result "1-0"]
[WhiteElo "1851"]
[BlackElo "1636"]
[PlyCount "67"]
[EventDate "2011.??.??"]
[WhiteTeam "Spvg Zabo-Eintracht Nürnberg e.V"]
[BlackTeam "FC Ergolding 1932 e.V."]

1. Nf3 Nf6 2. b3 g6 3. Bb2 Bg7 4. c4 O-O 5. g3 b6 6. Bg2 Bb7
7. d4 d6 8. O-O Nbd7 9. Nbd2 Qc8 10. Qc2 e6 11. e4 c5 12. e5 Ne8 13. exd6 Nxd6
14. dxc5 Bxb2 15. Qxb2 Nxc5 16. Qe5 Nf5 17. g4 Nd7 18. Qe2 Ng7 19. Ne4 Qc7 20.
Rad1 Bxe4 21. Qxe4 Rad8 22. Nd4 Nc5 23. Qe3 e5 24. Nc6 Rxd1 25. Rxd1 Re8 26.
Nb4 e4 27. Nd5 Qe5 28. b4 Nd3 29. Qxe4 Nb2 30. Qxe5 Rxe5 31. Nf6+ Kf8 32. Nd7+
Ke8 33. Nxe5 Nxd1 34. Nc6 1-0

[Event "10. Forchheimer Sparkassen Open"]
[Site "Forchheim"]
[Date "2011.10.09"]
[Round "5.49"]
[White "Killmann, Martin"]
[Black "Krasotin, Valentin"]
[Result "1-0"]
[WhiteElo "1851"]
[BlackElo "1623"]
[PlyCount "38"]
[EventDate "2011.??.??"]
[WhiteTeam "SC Forchheim e.V."]
[BlackTeam "SW Nürnberg Süd e.V."]

1. d4 e6 2. c4 Nf6 3. Nc3 c5 4. d5 exd5 5. cxd5 d6 6. e4 a6 7.
a4 g6 8. Bf4 Bg7 9. Nf3 O-O 10. Bd3 Re8 11. O-O Qc7 12. h3 Nbd7 13. Rc1 a5 14.
Nb5 Qb6 15. Nxd6 Re7 16. Nc4 Qa7 17. Bd6 Re8 18. Re1 Nb6 19. Bxc5 Nfd7 1-0

[Event "10. Forchheimer Sparkassen Open"]
[Site "Forchheim"]
[Date "2011.10.09"]
[Round "5.50"]
[White "Schneider, Peter"]
[Black "Kölbl, Jonathan"]
[Result "1/2-1/2"]
[WhiteElo "1629"]
[BlackElo "1828"]
[PlyCount "45"]
[EventDate "2011.??.??"]
[WhiteTeam "TSV Kirchehrenbach"]
[BlackTeam "SK Klosterlechfeld"]

1. Nf3 d6 2. d4 c6 3. e3 Nd7 4. Be2 Ngf6 5. O-O e5 6. dxe5 dxe5 7. c4 Qc7 8.
Nc3 Be7 9. Qc2 O-O 10. e4 Nc5 11. Be3 Bg4 12. Rfd1 Rad8 13. a3 Bh5 14. b4 Ne6
15. h3 Rxd1+ 16. Rxd1 Bxf3 17. Bxf3 a5 18. Qb2 axb4 19. axb4 h6 20. c5 Rd8 21.
Rxd8+ Qxd8 22. Ne2 Nd7 23. Bg4 1/2-1/2

[Event "10. Forchheimer Sparkassen Open"]
[Site "Forchheim"]
[Date "2011.10.09"]
[Round "5.51"]
[White "Schwab, Edgar"]
[Black "Nieke, Karl-Friedrich"]
[Result "1-0"]
[WhiteElo "1806"]
[BlackElo "1615"]
[PlyCount "77"]
[EventDate "2011.??.??"]
[WhiteTeam "SC Forchheim e.V."]
[BlackTeam "SK Lauffen"]

1. d4 d5 2. Nf3 Nf6 3. c4 e6 4. Nc3 c6 5. e3 Bd6 6. Bd3 Nbd7 7. O-O O-O 8. b3
dxc4 9. bxc4 Re8 10. e4 e5 11. d5 cxd5 12. cxd5 Nc5 13. Bg5 h6 14. Bh4 Bg4 15.
h3 Bh5 16. Bb5 Rf8 17. Re1 a6 18. Bf1 g5 19. Bg3 Nfd7 20. Be2 Qe7 21. Nd2 Bg6
22. Bg4 Kg7 23. Nc4 Nf6 24. Bf3 h5 25. Nd2 Qd7 26. Nc4 Qc7 27. Rc1 b5 28. Nxd6
Qxd6 29. a3 Ncd7 30. Qb3 Rh8 31. Qb4 Qb6 32. Bd1 h4 33. Bh2 Bh5 34. Ne2 Kh7 35.
Rc6 Qa7 36. Nc3 Bxd1 37. Rxd1 Qb8 38. Qe7 Kg7 39. Rxf6 1-0

[Event "10. Forchheimer Sparkassen Open"]
[Site "Forchheim"]
[Date "2011.10.09"]
[Round "5.52"]
[White "Petermann, Jan"]
[Black "Zhao, Kevin"]
[Result "0-1"]
[WhiteElo "1597"]
[BlackElo "1799"]
[PlyCount "78"]
[EventDate "2011.??.??"]
[WhiteTeam "SV Puschendorf 1949 e.V."]
[BlackTeam "SC Erlangen 48/88 e.V."]

1. Nf3 e6 2. d3 d5 3. g3 c5 4. Bg2 Nc6 5. O-O Nf6 6. Re1 e5 7. Bg5 Be6 8. e4 d4
9. Na3 h6 10. Bd2 Nd7 11. c4 g5 12. Nc2 f6 13. Qe2 Bd6 14. a3 Qe7 15. Kf1 Kf7
16. Reb1 Rag8 17. b4 b6 18. b5 Nd8 19. Ng1 h5 20. h3 Nb7 21. a4 Na5 22. Bxa5
bxa5 23. Qd2 Bc7 24. Ke2 Nf8 25. Rf1 Ng6 26. Rae1 Qd7 27. Kd1 Rb8 28. Kc1 a6
29. Na3 axb5 30. Nxb5 Rb7 31. Kc2 Rhb8 32. Rb1 Ne7 33. Kb3 Nc6 34. Qe2 Kg6 35.
Nf3 Na7 36. Rh1 Nxb5 37. axb5 Rxb5+ 38. Ka2 Rxb1 39. Rxb1 Qa4# 0-1

[Event "10. Forchheimer Sparkassen Open"]
[Site "Forchheim"]
[Date "2011.10.09"]
[Round "5.53"]
[White "Unkelbach, Manfred"]
[Black "Wichmann, Adrian"]
[Result "1-0"]
[WhiteElo "1798"]
[BlackElo "1599"]
[PlyCount "45"]
[EventDate "2011.??.??"]
[WhiteTeam "SC-SF 1957 Stockstadt"]
[BlackTeam "SV Seubelsdorf"]

1. d4 d5 2. Nf3 e6 3. Bg5 Be7 4. Bxe7 Nxe7 5. c3 O-O 6. Nbd2 Ng6 7. e4 dxe4 8.
Nxe4 b6 9. Bd3 Bb7 10. O-O Nc6 11. Qc2 Nce7 12. Rad1 c6 13. Rfe1 Qc7 14. Neg5
h6 15. Nxe6 fxe6 16. Bxg6 Nxg6 17. Qxg6 Rf6 18. Qg4 Re8 19. Ne5 Rf5 20. f3 c5
21. Qg6 Re7 22. Ng4 Rg5 23. Nxh6+ 1-0

[Event "10. Forchheimer Sparkassen Open"]
[Site "Forchheim"]
[Date "2011.10.09"]
[Round "5.54"]
[White "Junk, Philipp"]
[Black "Wegmann, Sven"]
[Result "1-0"]
[WhiteElo "1758"]
[BlackElo "1597"]
[PlyCount "35"]
[EventDate "2011.??.??"]
[WhiteTeam "SC Noris-Tarrasch Nürnberg 1873"]
[BlackTeam "SC Erlangen 48/88 e.V."]

1. e4 c5 2. Bc4 d6 3. Nc3 g6 4. f4 Bg7 5. Nf3 Nc6 6. O-O e6 7. d3 Nf6 8. Ng5
O-O 9. f5 Qe7 10. g4 a6 11. Nh3 Ne8 12. Bg5 Qc7 13. f6 Bh8 14. Bh4 b5 15. Bb3
Qb6 16. Kh1 a5 17. Qd2 a4 18. Qh6 1-0

[Event "10. Forchheimer Sparkassen Open"]
[Site "Forchheim"]
[Date "2011.10.09"]
[Round "5.55"]
[White "Lober, Wolfgang"]
[Black "Wettermann, Bernd"]
[Result "1-0"]
[WhiteElo "1597"]
[BlackElo "1753"]
[PlyCount "83"]
[EventDate "2011.??.??"]
[WhiteTeam "SGem 1882 Fürth"]
[BlackTeam "FC Konradsreuth"]

1. e4 e5 2. Nc3 Nf6 3. Bc4 Nc6 4. d3 Bc5 5. f4 d6 6. Nf3 Be6 7. Bxe6 fxe6 8.
Na4 exf4 9. Nxc5 dxc5 10. Bxf4 O-O 11. Bg5 h6 12. Bh4 e5 13. O-O Qe8 14. h3 Nh5
15. Bf2 Qg6 16. Nh4 Qg5 17. Nf3 Qe7 18. Nh4 Rxf2 19. Qxh5 Rxc2 20. Nf5 Qd7 21.
Qg6 Kh8 22. Nxh6 gxh6 23. Rf7 Qxf7 24. Qxf7 Rg8 25. g4 Rg7 26. Qf8+ Kh7 27. Rf1
Nd4 28. Rf7 Ne2+ 29. Kf1 Rxf7+ 30. Qxf7+ Kh8 31. Qf6+ Kh7 32. Qxe5 Nc1 33.
Qxc7+ Kg6 34. Qxb7 Nxa2 35. Qa6+ Kg5 36. Qxa2 Kh4 37. Qb1 Rh2 38. Qe1+ Kxh3 39.
Qe3+ Kxg4 40. Qg1+ Kh3 41. Qxh2+ Kxh2 42. e5 1-0

[Event "10. Forchheimer Sparkassen Open"]
[Site "Forchheim"]
[Date "2011.10.09"]
[Round "5.56"]
[White "Justi, Fabian"]
[Black "Mehling, Katharina"]
[Result "0-1"]
[WhiteElo "1737"]
[BlackElo "1581"]
[PlyCount "62"]
[EventDate "2011.??.??"]
[WhiteTeam "SC Forchheim e.V."]
[BlackTeam "Spvgg 1946 e.V. Stetten"]

1. e4 e6 2. d4 d5 3. Nd2 Nf6 4. e5 Nfd7 5. Bd3 c5 6. c3 Nc6 7. Ne2 cxd4 8. cxd4
f6 9. Nf4 Nxd4 10. Qh5+ Ke7 11. exf6+ Nxf6 12. Qh4 e5 13. Ng6+ hxg6 14. Qxh8
Kf7 15. O-O e4 16. Nc4 Qc7 17. Qh4 exd3 18. Qxd4 dxc4 19. Bf4 Qc5 20. Be3 Qxd4
21. Bxd4 Nd5 22. Rac1 b5 23. b3 Ba3 24. bxc4 Nf4 25. Rcd1 bxc4 26. Be3 Ne2+ 27.
Kh1 Ba6 28. Rb1 Nc3 29. Rbc1 Bxc1 30. Rxc1 Ne2 31. Rb1 c3 0-1

[Event "10. Forchheimer Sparkassen Open"]
[Site "Forchheim"]
[Date "2011.10.09"]
[Round "5.57"]
[White "Schäfer, Ann-Kathrin"]
[Black "Siegl, Melina"]
[Result "0-1"]
[WhiteElo "1591"]
[BlackElo "1735"]
[PlyCount "124"]
[EventDate "2011.??.??"]
[WhiteTeam "SC Bechhofen 1923 e.V."]
[BlackTeam "SW Nürnberg Süd e.V."]

1. e4 c5 2. d4 cxd4 3. c3 g6 4. Nf3 d3 5. Bxd3 Bg7 6. O-O d6 7. Bf4 Nf6 8. c4
Nbd7 9. Nc3 Nc5 10. Bc2 O-O 11. Qe2 Bg4 12. h3 Ne6 13. Be3 Bxf3 14. Qxf3 Nd7
15. Qe2 b6 16. Rad1 Rc8 17. f4 Bxc3 18. bxc3 Qc7 19. f5 Ng7 20. fxg6 hxg6 21.
Bb3 Ne5 22. Qf2 Qb7 23. Rd4 Ne6 24. Rd5 Kg7 25. Qe2 Nd8 26. Rf4 Ne6 27. Rf1 Nc7
28. Rd2 Na6 29. Bd4 Nc5 30. Bxe5+ dxe5 31. Rd5 f6 32. Rfd1 e6 33. Rd6 Rf7 34.
Bc2 Rd7 35. Rxd7+ Nxd7 36. Qd3 Nc5 37. Qd6 Qc6 38. Qxc6 Rxc6 39. Kf2 f5 40.
exf5 exf5 41. Rd5 Kf6 42. Ke3 Ne6 43. Bd3 Nf4 44. Rd7 Nxg2+ 45. Kf2 Nf4 46. Bf1
a5 47. Kf3 Ne6 48. Rd2 Nc5 49. Ke3 Ne4 50. Rc2 Nd6 51. Rb2 f4+ 52. Kf3 Kf5 53.
Rb1 e4+ 54. Kf2 Ke5 55. a4 f3 56. Rb2 Kf4 57. Ke1 Ke3 58. h4 Nxc4 59. Rc2 Ne5
60. Bb5 Nd3+ 61. Bxd3 Kxd3 62. Kd1 Rxc3 0-1

[Event "10. Forchheimer Sparkassen Open"]
[Site "Forchheim"]
[Date "2011.10.09"]
[Round "5.58"]
[White "Hummel, Thomas"]
[Black "Schröder, Harald"]
[Result "1-0"]
[WhiteElo "1734"]
[BlackElo "1569"]
[PlyCount "110"]
[EventDate "2011.??.??"]
[WhiteTeam "TSV Dietfurt/Altm. e.V."]
[BlackTeam "SC Forchheim e.V."]

1. b4 e5 2. b5 d5 3. Nf3 e4 4. Nd4 Bc5 5. Bb2 Bxd4 6. Bxd4 Nf6 7. e3 O-O 8. Be2
Nbd7 9. a4 c5 10. bxc6 bxc6 11. O-O c5 12. Bc3 a5 13. Na3 Nb8 14. Nb5 Ba6 15.
Bxf6 gxf6 16. f3 f5 17. fxe4 fxe4 18. Rf5 Bc8 19. Rf4 Ra6 20. Qf1 Rg6 21. Kh1
Nc6 22. Qf2 Ne5 23. Rf1 Kh8 24. Bh5 Rg7 25. Rf6 Be6 26. Rxe6 Rfg8 27. Rd6 Qg5
28. Bd1 Nc4 29. Rf6 Qxg2+ 30. Qxg2 Rxg2 31. R6f2 R2g5 32. c3 Nb2 33. Bc2 h5 34.
Rxf7 h4 35. Rf8 h3 36. Rxg8+ Rxg8 37. Rf2 Nc4 38. Nc7 d4 39. cxd4 cxd4 40. Bb3
Rc8 41. Ne6 Rc6 42. Nxd4 Rc5 43. Ne6 Rc6 44. Bxc4 Rxc4 45. Rf1 Rxa4 46. Ng5 Ra2
47. Nxe4 a4 48. Kg1 a3 49. Rf8+ Kg7 50. Ra8 Kg6 51. Kf2 Kf5 52. Kf3 Ra1 53. Nf2
a2 54. e4+ Ke5 55. Nd3+ Kd4 1-0

[Event "10. Forchheimer Sparkassen Open"]
[Site "Forchheim"]
[Date "2011.10.09"]
[Round "5.60"]
[White "Diller, Daniel"]
[Black "Mehling, Franziska"]
[Result "1/2-1/2"]
[WhiteElo "1821"]
[BlackElo "1532"]
[PlyCount "64"]
[EventDate "2011.??.??"]
[WhiteTeam "SC Erlangen 48/88 e.V."]
[BlackTeam "Spvgg 1946 e.V. Stetten"]

1. e4 c5 2. Nf3 d6 3. d4 cxd4 4. Nxd4 Nf6 5. Nc3 a6 6. Bc4 e6 7. Bb3 b5 8. Bg5
Be7 9. Qf3 Bb7 10. Bxe6 fxe6 11. Nxe6 Qd7 12. Nxg7+ Kd8 13. Bxf6 Bxf6 14. Qxf6+
Kc8 15. O-O-O Rg8 16. Nf5 Rxg2 17. Rxd6 Qe8 18. Rhd1 Nc6 19. Nd5 Rxh2 20. Rd8+
Qxd8 21. Nde7+ Nxe7 22. Nxe7+ Kb8 23. Qe5+ Ka7 24. Rxd8 Rxd8 25. Nd5 Rxf2 26.
Qc7 Re8 27. Qb6+ Kb8 28. Qc7+ Ka7 29. Qc5+ Kb8 30. Qc7+ Ka7 31. Qc5+ Kb8 32.
Qc7+ Ka7 1/2-1/2

[Event "10. Forchheimer Sparkassen Open"]
[Site "Forchheim"]
[Date "2011.10.09"]
[Round "5.61"]
[White "Schlötterer, Hermann"]
[Black "Diller, Andreas"]
[Result "1-0"]
[WhiteElo "1806"]
[BlackElo "1502"]
[PlyCount "27"]
[EventDate "2011.??.??"]
[WhiteTeam "SC Noris-Tarrasch Nürnberg 1873"]
[BlackTeam "SK Rothenburg e.V."]

1. d4 Nf6 2. g3 g6 3. Bg2 Bg7 4. e4 O-O 5. Nc3 d6 6. h3 Nbd7 7. Nge2 c5 8. Be3
Qc7 9. O-O Rb8 10. a4 a6 11. g4 Rd8 12. g5 Ne8 13. Nd5 Qa5 14. Bd2 1-0

[Event "10. Forchheimer Sparkassen Open"]
[Site "Forchheim"]
[Date "2011.10.09"]
[Round "5.62"]
[White "Askri, Samir"]
[Black "Gunnarsson, Leif"]
[Result "0-1"]
[WhiteElo "1594"]
[BlackElo "1783"]
[PlyCount "52"]
[EventDate "2011.??.??"]
[WhiteTeam "SG Siemens Amberg"]

1. d4 Nf6 2. Nf3 g6 3. c4 Bg7 4. Nc3 d5 5. Bf4 c6 6. Rc1 O-O 7. e3 e6 8. cxd5
exd5 9. Bg5 Qa5 10. Qd2 Be6 11. Be2 Nbd7 12. O-O h6 13. Bh4 Kh7 14. a3 Ng8 15.
Rfe1 f5 16. e4 dxe4 17. Nxe4 Qxd2 18. Nexd2 g5 19. Bg3 f4 20. Bd3+ Bf5 21.
Bxf5+ Rxf5 22. Bxf4 Rxf4 23. Nb3 Raf8 24. Na5 g4 25. Ne5 Rxd4 26. Nxd7 Rxd7 0-1

[Event "10. Forchheimer Sparkassen Open"]
[Site "Forchheim"]
[Date "2011.10.09"]
[Round "5.63"]
[White "Myagkov, Kirill"]
[Black "Hasenstab, Robin"]
[Result "1/2-1/2"]
[WhiteElo "1748"]
[BlackElo "1480"]
[PlyCount "43"]
[EventDate "2011.??.??"]
[WhiteTeam "SC Noris-Tarrasch Nürnberg 1873"]
[BlackTeam "Schachfreunde Sailauf"]

1. e4 c5 2. Nc3 e6 3. g3 Nc6 4. Bg2 Nf6 5. d3 d5 6. Bg5 d4 7. Nce2 e5 8. f4 Be7
9. Bxf6 Bxf6 10. Nf3 Bg4 11. h3 Bd7 12. Qd2 Qc7 13. f5 Qb6 14. b3 Be7 15. a4 a5
16. O-O Nb4 17. Nxe5 f6 18. Nxd7 Kxd7 19. Nf4 Bd6 20. Rae1 Be5 21. g4 Na2 22.
Nd5 1/2-1/2

[Event "10. Forchheimer Sparkassen Open"]
[Site "Forchheim"]
[Date "2011.10.09"]
[Round "5.64"]
[White "Schmidt, Tobias"]
[Black "Franz, Kurt"]
[Result "1-0"]
[WhiteElo "1690"]
[BlackElo "1413"]
[PlyCount "49"]
[EventDate "2011.??.??"]
[WhiteTeam "SC Tamm 74"]
[BlackTeam "SC Kirchseeon e.V."]

1. e4 c5 2. c3 e6 3. d4 cxd4 4. cxd4 a6 5. Nf3 Bb4+ 6. Nc3 Qc7 7. Bd2 b5 8. Rc1
Bb7 9. Nxb5 Bxd2+ 10. Qxd2 Qd8 11. Nc7+ Kf8 12. Qb4+ Ne7 13. Qxb7 Nbc6 14. Qxa8
Qxa8 15. Nxa8 g6 16. Nc7 a5 17. Bb5 Kg7 18. Bxc6 Nxc6 19. Nb5 Nb4 20. Kd2 Rb8
21. a4 Nc6 22. Ne5 Nxe5 23. dxe5 Kf8 24. Rc2 Rb7 25. Rc7 1-0

[Event "10. Forchheimer Sparkassen Open"]
[Site "Forchheim"]
[Date "2011.10.09"]
[Round "5.65"]
[White "Otto, Moritz"]
[Black "Daumin, Jan"]
[Result "1-0"]
[WhiteElo "1666"]
[BlackElo "1429"]
[PlyCount "43"]
[EventDate "2011.??.??"]
[WhiteTeam "SC Uttenreuth e.V."]
[BlackTeam "SV Lauf a.d.P."]

1. d4 d5 2. e3 Nf6 3. Bd3 Nc6 4. f4 e6 5. Nd2 Bd6 6. c3 Bd7 7. Ngf3 Qe7 8. Ne5
O-O-O 9. O-O Rdg8 10. e4 h5 11. Nxc6 Bxc6 12. e5 g5 13. fxg5 Bxe5 14. dxe5 Ng4
15. Nf3 Qc5+ 16. Nd4 Nxe5 17. Kh1 Rg7 18. Qe2 Qd6 19. Bf4 Rxg5 20. Nxc6 bxc6
21. Bxg5 Ng4 22. Bf4 1-0

[Event "10. Forchheimer Sparkassen Open"]
[Site "Forchheim"]
[Date "2011.10.09"]
[Round "5.66"]
[White "Keller, Werner"]
[Black "Lingl, Peter"]
[Result "1-0"]
[WhiteElo "1663"]
[BlackElo "1369"]
[PlyCount "73"]
[EventDate "2011.??.??"]
[WhiteTeam "SW Nürnberg Süd e.V."]
[BlackTeam "SV Puschendorf 1949 e.V."]

1. Nf3 Nc6 2. g3 e5 3. d3 g6 4. e4 Bg7 5. Bg2 Nf6 6. O-O O-O 7. c3 Rb8 8. Re1
d6 9. h3 Be6 10. d4 exd4 11. cxd4 Ne7 12. Nc3 Qd7 13. Kh2 c6 14. Be3 b5 15. Ng5
b4 16. Nxe6 fxe6 17. Ne2 a5 18. Qb3 Kh8 19. Nf4 d5 20. e5 Ne8 21. Nd3 Nf5 22.
Nc5 Qf7 23. Rf1 Nc7 24. h4 h5 25. Bh3 Nb5 26. Qd3 Rbe8 27. a4 Nc7 28. Bxf5 gxf5
29. b3 Qg6 30. Qd2 Rf7 31. Rac1 Rc8 32. Nd3 Na6 33. Nf4 Qh6 34. Nxd5 Qh7 35.
Nf4 Re7 36. Qe2 c5 37. Qxa6 1-0

[Event "10. Forchheimer Sparkassen Open"]
[Site "Forchheim"]
[Date "2011.10.09"]
[Round "5.67"]
[White "Wiemann, Daniel"]
[Black "Walch, Roger"]
[Result "0-1"]
[WhiteElo "959"]
[BlackElo "1647"]
[PlyCount "80"]
[EventDate "2011.??.??"]
[WhiteTeam "SV Seubelsdorf"]
[BlackTeam "SW Nürnberg Süd e.V."]

1. e4 e6 2. d4 d5 3. e5 c5 4. Nf3 cxd4 5. Nxd4 Bc5 6. Nf3 Qb6 7. Qd2 Nh6 8. h3
Nc6 9. Bd3 Nb4 10. c3 Bxf2+ 11. Ke2 Nxd3 12. Qxd3 Bd7 13. a4 Nf5 14. Bf4 Bg3
15. Bd2 Qxb2 16. Na3 Qb6 17. Rhf1 O-O 18. Nc2 Rac8 19. Rab1 Qc7 20. Ra1 Bxe5
21. Nxe5 Qxe5+ 22. Kd1 Rc4 23. a5 Rfc8 24. Re1 Qc7 25. g4 Ng3 26. Rg1 Ne4 27.
Qe3 Nxd2 28. Kxd2 Rxc3 29. Qe1 Qh2+ 30. Kd1 Rd3+ 31. Kc1 Rxc2+ 32. Kb1 Rb2+ 33.
Kc1 Rdd2 34. Rh1 Qf4 35. Rg1 Rg2+ 36. Kd1 Qd4+ 37. Kc1 Qc4+ 38. Kd1 Rb1+ 39.
Rxb1 Ba4+ 40. Rb3 Bxb3# 0-1

[Event "10. Forchheimer Sparkassen Open"]
[Site "Forchheim"]
[Date "2011.10.09"]
[Round "5.68"]
[White "Voigt, Maik"]
[Black "Wichmann, Jörg"]
[Result "1/2-1/2"]
[WhiteElo "1625"]
[BlackElo "1363"]
[PlyCount "42"]
[EventDate "2011.??.??"]
[WhiteTeam "SV Freibauer Barleben"]
[BlackTeam "TSV Untersiemau"]

1. c4 e5 2. g3 Nc6 3. Bg2 Nf6 4. Nc3 d6 5. e3 Be6 6. b3 d5 7. cxd5 Nxd5 8. Nge2
Qd7 9. O-O Nxc3 10. dxc3 Bd6 11. Bb2 Bh3 12. Qc2 Bxg2 13. Kxg2 O-O 14. Rad1 Qe6
15. e4 Rad8 16. f4 exf4 17. Nxf4 Bxf4 18. Rxd8 Rxd8 19. Rxf4 Qd6 20. Rf2 Qd3
21. Qxd3 Rxd3 1/2-1/2

[Event "10. Forchheimer Sparkassen Open"]
[Site "Forchheim"]
[Date "2011.10.09"]
[Round "5.69"]
[White "Held, Werner"]
[Black "Peiberg, Ehrhard"]
[Result "0-1"]
[WhiteElo "1300"]
[BlackElo "1594"]
[PlyCount "80"]
[EventDate "2011.??.??"]
[WhiteTeam "Spvg Zabo-Eintracht Nürnberg e.V"]
[BlackTeam "SC Erlangen 48/88 e.V."]

1. e4 e6 2. d4 d5 3. Bd3 dxe4 4. Bxe4 Nf6 5. Nd2 Qxd4 6. Qf3 c6 7. c3 Qd8 8. b4
Nxe4 9. Nxe4 Be7 10. Ne2 O-O 11. O-O Nd7 12. Bb2 Nf6 13. Nf4 Nxe4 14. Qxe4 Bf6
15. Rac1 Qc7 16. Rfe1 b6 17. Re3 Bb7 18. Qc2 Qxf4 19. Rh3 Qf5 20. Qe2 c5 21. a3
Qe4 22. Qxe4 Bxe4 23. Re1 Bf5 24. Rf3 cxb4 25. axb4 Rad8 26. h3 Rd2 27. Ba1
Rfd8 28. Kh2 Rd1 29. Rxd1 Rxd1 30. Bb2 Be5+ 31. g3 Be4 32. Kg2 Bxf3+ 33. Kxf3
Rd2 34. Bc1 Rc2 35. Bg5 Rxc3+ 36. Ke4 Bf6 37. Bd2 Rb3 38. Kf4 Bc3 39. Be3 Rxb4+
40. Kf3 Bd4 0-1

[Event "10. Forchheimer Sparkassen Open"]
[Site "Forchheim"]
[Date "2011.10.09"]
[Round "5.70"]
[White "Seidl, Josef"]
[Black "Wissel, Florian"]
[Result "0-1"]
[WhiteElo "1300"]
[BlackElo "1593"]
[PlyCount "76"]
[EventDate "2011.??.??"]
[WhiteTeam "TSV Kreuzberg"]
[BlackTeam "Schachfreunde Sailauf"]

1. Nf3 d5 2. c4 e6 3. g3 Nf6 4. Bg2 Bd6 5. O-O O-O 6. b3 Nbd7 7. d3 c6 8. Bb2
Re8 9. Nbd2 b6 10. a3 Bb7 11. Ra2 c5 12. e4 dxe4 13. dxe4 e5 14. Nh4 Qc7 15.
Nf5 Rad8 16. Ne3 Nf8 17. Nd5 Qb8 18. Nxf6+ gxf6 19. Qe2 Ne6 20. Bc1 Nd4 21.
Qg4+ Kh8 22. Nf3 Bc8 23. Qh4 Be7 24. Bh6 Rg8 25. h3 Nxb3 26. g4 Nd4 27. Qh5 Be6
28. g5 Nxf3+ 29. Qxf3 fxg5 30. Qh5 Bxc4 31. Raa1 Bxf1 32. Bxf1 Rg6 33. Bc4 Rdd6
34. Rd1 Rxd1+ 35. Qxd1 Rxh6 36. Bf1 Qd6 37. Qg4 Rf6 38. Qxg5 Rxf2 0-1